Classic Simpsons Trivia - Statistics

General Stats
  • This quiz has been taken 17 times
  • The average score is 8 of 15
Answer Stats
Hint Answer % Correct
In "Colonel Homer", what genre of music does Lurleen Lumpkin make? Country
77%
In "Mr. Plow", what is the name of Barney's snow plow business? Plow King
77%
In "The Mysterious Voyage of Homer", what animal urges Homer to find his soulmate? Coyote
69%
In "Lisa the Vegetarian", what meat makes Lisa become vegetarian? Lamb
69%
In "Bart Gets an Elephant", what does Bart name his elephant? Stampy
69%
In "Itchy & Scratchyland", what license plate gets sold out in the gift shop? Bort
62%
In "Lisa's Date with Density", what does the poster in Nelson's bedroom say? Nuke the whales
62%
In "Das Bus", what country does Bart represent in the model U.N. club? Libya
54%
In "Cape Feare", what new last name does the Witness Relocation Program give the Simpsons? Thompson
54%
In "Deep Space Homer", what inanimate object wins the worker of the week award? Carbon rod
46%
In "Lisa's Pony", where does Homer pick up a second job? Kwik-E-Mart
46%
In "A Star Is Burns", what event does Marge suggest hosting in Springfield to boost tourism? Film Festival
38%
In "Bart Sells His Soul", what is the name of Moe's new family restaurant? Uncle Moe's Family Feedbag
38%
In "Homer's Enemy", what item would Homer give anything to have his name on? Pencil
31%
In "Kamp Krusty", what is the sporting event that Krusty attends? Wimbledon
31%
No matching quizzes found
Score Distribution
Percent of People with Each Score
Percentile by Number Answered
Your Score History
You have not taken this quiz